Formation mechanism of silicon rubber particles with core-shell structure by seeded emulsion polymerization (Record no. 59539)

MARC details
000 -LEADER
fixed length control field 00501nam a2200169Ia 4500
100 ## - MAIN ENTRY--AUTHOR NAME
Personal name He W D
245 #0 - TITLE STATEMENT
Title Formation mechanism of silicon rubber particles with core-shell structure by seeded emulsion polymerization
260 ## - PUBLICATION, DISTRIBUTION, ETC. (IMPRINT)
Name of publisher Journal of Applied Polymer Science
Year of publication 1996
300 ## - PHYSICAL DESCRIPTION
Number of Pages 383-388
650 ## - SUBJECT ADDED ENTRY--TOPICAL TERM
Topical Term Core-shell particle
650 ## - SUBJECT ADDED ENTRY--TOPICAL TERM
Topical Term Silicon rubber
650 ## - SUBJECT ADDED ENTRY--TOPICAL TERM
Topical Term Vinylmonomeres
700 ## - ADDED ENTRY--PERSONAL NAME
Personal name Cao C T
700 ## - ADDED ENTRY--PERSONAL NAME
Personal name Pan C Y
942 ## - ADDED ENTRY ELEMENTS (KOHA)
Koha item type Journals
Holdings
Withdrawn status Lost status Damaged status Not for loan Home library Current library Shelving location Date acquired Serial Enumeration / chronology Koha item type
      Journals RRII Library RRII Library Rubber chemistry 17/12/2021 Volume 61, Issue 2 Journals